Методика безопасного внедрения системы построения отчётов на базе шаблонов MICROSOFT OFFICE EXCEL FORMBUILDER; Технологии Microsoft в теории и практике программирования

Dettagli Bibliografici
Parent link:Технологии Microsoft в теории и практике программирования.— 2010.— С. 65-67
Autore principale: Юнусова М. Р.
Altri autori: Мирошниченко Е. А. Евгений Александрович (научный руководитель)
Lingua:russo
Pubblicazione: 2010
Soggetti:
Natura: MixedMaterials Capitolo di libro
KOHA link:https://koha.lib.tpu.ru/cgi-bin/koha/opac-detail.pl?biblionumber=191015

MARC

LEADER 00000naa2a2200000 4500
001 191015
005 20240115141555.0
035 |a (RuTPU)RU\TPU\book\208254 
090 |a 191015 
100 |a 20110131d2010 k y0rusy50 ca 
101 0 |a rus 
102 |a RU 
200 1 |a Методика безопасного внедрения системы построения отчётов на базе шаблонов MICROSOFT OFFICE EXCEL FORMBUILDER  |f М. Р. Юнусова  |g науч. рук. Е. А. Мирошниченко 
320 |a Библиогр.: 2 назв. 
463 0 |0 (RuTPU)RU\TPU\book\199160  |y 978-5-98298-640-5  |t Технологии Microsoft в теории и практике программирования  |o сборник трудов VII Всероссийской научно-практической конференции студентов, аспирантов и молодых ученых, 23-24 марта 2010 г. г. Томск  |f Национальный исследовательский Томский политехнический университет (ТПУ); под ред. О. М. Гергета  |v С. 65-67  |d 2010  |p 240 с. 
610 1 |a системы 
610 1 |a внедрение 
610 1 |a безопасность 
610 1 |a системы управления 
610 1 |a производство 
610 1 |a нефтеперерабатывающие предприятия 
610 1 |a шаблоны 
610 1 |a труды учёных ТПУ 
700 1 |a Юнусова  |b М. Р. 
702 1 |a Мирошниченко  |b Е. А.  |c специалист в области информатики и вычислительной техники  |c доцент Томского политехнического университета, кандидат технических наук  |f 1972-  |g Евгений Александрович  |3 (RuTPU)RU\TPU\pers\26747  |4 727  |9 12390 
801 1 |a RU  |b 63413507  |c 20110131 
801 2 |a RU  |b 63413507  |c 20151002  |g RCR 
942 |c BK